Las seis dimensiones de la revolución mundial /

Guardado en:
Autor Principal: Seoane, Manuel.
Formato: Libro
Idioma:Undetermined
Publicado: Santiago de Chile : Editorial Zig-Zag, 1960.
Materias:
Etiquetas: Agregar Etiqueta
Sin Etiquetas, Sea el primero en etiquetar este registro!
LEADER 00514nam a22001575a 4500
001 EHU.bham046830
005 20110531085557.0
008 110531s1960####xx############000#0#und#d
100 1 |a Seoane, Manuel. 
245 0 0 |a Las seis dimensiones de la revolución mundial /  |c Manuel Seoane. 
260 |a Santiago de Chile :  |b Editorial Zig-Zag,  |c 1960. 
300 |a 194. 
653 |a revolución 
653 |a revolución mundial 
653 |a anticolonialismo 
859 |a AR-BHAM  |b BIB. HUMANIDADES - Donacion Lejarraga  |h MFN001049  |p 001049.19